000 00771nam a22001577a 4500
005 20120521162534.0
020 _c425.00
100 _aउपाध्याय, वासुदेव
_947612
245 _aगुप्त अभिलेख
_cवासुदेव उपाध्याय
260 _aपटना
_bबिहार हिन्दी ग्रन्थ अकादमी
_c2010
270 _aप्रेमचन्द मार्ग, राजेन्द्र नगर
_e800016
300 _aवि.पृ.
_c22 सें.मी. (अजिल्द)
942 _2ddc
_cHN
_mउपाध्या
999 _c66980
_d66980